000 00919cam a22003137a 4500
003 CHAP
005 20220329143044.0
008 051109d2004 mx r 00110 spa d
010 _a91280
011 _a92252
020 _a968230573X
035 _a102816
040 _cCHAP
082 0 4 _a497.452
_bD5 2004
245 1 0 _aDiccionario de la lengua náhuatl o mexicana
_c/por Remi Simeon
250 _a17 ed.
260 _aMéxico, D. F. :
_bSiglo XXI,
_c2004.
300 _a783 p.
590 _aBATCH-UPD
_b10
_c20130110
_lUCH01
_h0350
590 _aBATCH-UPD
_b10
_c20130410
_lUCH01
_h0023
590 _aBATCH-UPD
_b10
_c20130914
_lUCH01
_h1840
590 _aCONVERSION
_b10
_c20130109
_lUCH01
_h1351
650 1 4 _aNáhuatl
_xDiccionarios.
_981495
700 0 _aSimeón, Rémi.
_9106155
901 _aBK
905 _aLilia
942 _cLIBRO
949 _a497.452 D5 2004
_bBC
_cC
_d33724000965885
_eC
_h107377
_i102816
_sb
999 _c91280
_d91280